LIBRARY AND INFORMATION PROFESSION IN IN (Record no. 13160)

MARC details
000 -LEADER
fixed length control field 00385nam a2200145Ia 4500
008 - FIXED-LENGTH DATA ELEMENTS--GENERAL INFORMATION
fixed length control field 240624s9999 xx 000 0 und d
041 ## - LANGUAGE CODE
Language code of text/sound track or separate title eng
082 ## - DEWEY DECIMAL CLASSIFICATION NUMBER
Classification number 020 KUM
100 ## - MAIN ENTRY--PERSONAL NAME
Personal name VASHISHTH C P
245 ## - TITLE STATEMENT
Title LIBRARY AND INFORMATION PROFESSION IN IN
260 ## - PUBLICATION, DISTRIBUTION, ETC.
Date of publication, distribution, etc. 2004
Place of publication, distribution, etc. New Delhi
Name of publisher, distributor, etc. B R Publishing Corporation
300 ## - PHYSICAL DESCRIPTION
Extent xxxix, : 437 : p. : cm. ; 25
365 ## - TRADE PRICE
Currency code RS
Price amount 20
440 ## - SERIES STATEMENT/ADDED ENTRY--TITLE
Volume/sequential designation 3
Holdings
Withdrawn status Lost status Damaged status Not for loan Home library Current library Shelving location Date acquired Source of acquisition Cost, normal purchase price Total Checkouts Total Holds Full call number Barcode Date last seen Copy number Price effective from Koha item type
        IMTN IMTN Rack 2-B 05/12/2009 WBD 3000.00   32 020 KUM 13160 06/24/2024 1 06/24/2024 Books
Designed & Maintained by: LRC IMT Nagpur Contact: lrc@imtnag.ac.in© 2024. All Rights Reserved.